טוען...
Credit management handbook: a complete guide to credit and accounts receivable operations
| מחבר ראשי: | |
|---|---|
| פורמט: | Printed Book |
| יצא לאור: |
NY, McGrawHill
1993
|
| נושאים: |
| LEADER | 005080000a22001570004500 | ||
|---|---|---|---|
| 020 | |a 0 07 006564 0 | ||
| 082 | |a 658.88 N3 | ||
| 100 | |a Bond, Cecil J | ||
| 245 | |a Credit management handbook: a complete guide to credit and accounts receivable operations | ||
| 260 | |a NY, McGrawHill | ||
| 260 | |c 1993 | ||
| 465 | |a D 29.50 | ||
| 650 | |a Manuals | ||
| 942 | |c BK | ||
| 999 | |c 1346 |d 1346 | ||
| 952 | |0 0 |1 0 |4 0 |6 658_880000000000000_N3 |7 0 |8 ENG |9 1138 |a MGUL |b MGUL |d 2013-07-16 |e D 29.50 |l 0 |o 658.88 N3 |p 25410 |r 2013-07-16 |w 2013-07-16 |y BK | ||